000
00255nam a2200097Ia 4500
008
230907s9999||||xx |||||||||||||| ||und||
082
_a
621.31042
_b
ELE
245
0
_a
Electrical insulation for rotating machines :
300
_a
xix, 643 pages :
942
_c
BK
999
_c
601200
_d
601200